The Trail of the Tramp : (Record no. 241679)
[ view plain ]
| 000 -LEADER | |
|---|---|
| fixed length control field | 01069cam a22002413a 4500 |
| 001 - CONTROL NUMBER | |
| control field | 12424 |
| 003 - CONTROL NUMBER IDENTIFIER | |
| control field | PGUSA |
| 005 - DATE AND TIME OF LATEST TRANSACTION | |
| control field | 20140828083249.0 |
| 008 - FIXED-LENGTH DATA ELEMENTS--GENERAL INFORMATION | |
| fixed length control field | 040501s2004||||xxu|||||s|||||000 | eng d |
| 040 ## - CATALOGING SOURCE | |
| Original cataloging agency | PGUSA |
| Language of cataloging | eng |
| 042 ## - AUTHENTICATION CODE | |
| Authentication code | dc |
| 050 #4 - LIBRARY OF CONGRESS CALL NUMBER | |
| Classification number | HV |
| 100 1# - MAIN ENTRY--PERSONAL NAME | |
| Personal name | A-No. 1, |
| Dates associated with a name | 1872-1944 |
| 245 14 - TITLE STATEMENT | |
| Title | The Trail of the Tramp : |
| Remainder of title | By A-No. 1, the Famous Tramp, Written by Himself from Actual Experiences of His Own Life |
| Medium | [electronic resource] / |
| Statement of responsibility, etc | A-No. 1 |
| 260 ## - PUBLICATION, DISTRIBUTION, ETC. (IMPRINT) | |
| Name of publisher, distributor, etc | Project Gutenberg, |
| Date of publication, distribution, etc | 2004 |
| 505 0# - FORMATTED CONTENTS NOTE | |
| Formatted contents note | The Harvester -- The Samaritans -- The Wreck -- The Drifter -- The Call of the City -- The Golden Rule Hotel -- False Friends -- Busting a Broncho -- The Abyss -- Slippery, the Yegg -- The Wages of Sin is Death -- Scattered to the Winds -- Where is my Brother James -- The Noble Work of the Salvation Army -- Forgive and Forget -- All is Well, that Ends Well. |
| 506 ## - RESTRICTIONS ON ACCESS NOTE | |
| Terms governing access | Public domain in the USA. |
| 516 ## - TYPE OF COMPUTER FILE OR DATA NOTE | |
| Type of computer file or data note | Electronic text |
| 653 ## - INDEX TERM--UNCONTROLLED | |
| Uncontrolled term | Tramps |
| 830 #0 - SERIES ADDED ENTRY--UNIFORM TITLE | |
| Uniform title | Project Gutenberg |
| Volume number/sequential designation | 12424 |
| 856 40 - ELECTRONIC LOCATION AND ACCESS | |
| Uniform Resource Identifier | <a href="http://www.gutenberg.org/ebooks/12424">http://www.gutenberg.org/ebooks/12424</a> |
| 942 ## - ADDED ENTRY ELEMENTS (KOHA) | |
| Koha item type | eBooks |
| Withdrawn status | Lost status | Damaged status | Home library | Current library | Date acquired | Total Checkouts | Date last seen | Price effective from | Koha item type |
|---|---|---|---|---|---|---|---|---|---|
| Project Gutenberg | Project Gutenberg | 08/28/2014 | 08/28/2014 | 08/28/2014 | eBooks |